Faculty of Law Library — Cairo University

Official Online Catalog

Comparative conflict of laws : (Record no. 65885)

MARC details
000 -LEADER
fixed length control field 01457cam a2200349 i 4500
003 - CONTROL NUMBER IDENTIFIER
control field EG-GICUC
005 - DATE AND TIME OF LATEST TRANSACTION
control field 20260309100050.0
008 - FIXED-LENGTH DATA ELEMENTS--GENERAL INFORMATION
fixed length control field 130715s2009 nyu fr 000 0 eng d
020 ## - INTERNATIONAL STANDARD BOOK NUMBER
International Standard Book Number 9781599416458
020 ## - INTERNATIONAL STANDARD BOOK NUMBER
International Standard Book Number 159941645X
040 ## - CATALOGING SOURCE
Original cataloging agency YDXCP
Language of cataloging eng
Transcribing agency YDXCP
Modifying agency EG-GICUC
-- BTCTA
-- CLL
-- RAU
-- OCLCQ
-- SLU
-- DLC
Description conventions rda
050 00 - LIBRARY OF CONGRESS CALL NUMBER
Classification number K7040
Item number .H39 2009
082 04 - DEWEY DECIMAL CLASSIFICATION NUMBER
Classification number 341.84
Edition number 21
092 04 - LOCALLY ASSIGNED DEWEY CALL NUMBER (OCLC)
Edition number 21
099 ## - LOCAL FREE-TEXT CALL NUMBER (OCLC)
Classification number Law 12 2009
100 1# - MAIN ENTRY--PERSONAL NAME
Personal name Hay, Peter,
Dates associated with a name 1935-
245 10 - TITLE STATEMENT
Title Comparative conflict of laws :
Remainder of title conventions, regulations and codes /
Statement of responsibility, etc. by Peter Hay, Russell J. Weintraub, Patrick J. Borchers.
264 ## - PRODUCTION, PUBLICATION, DISTRIBUTION, MANUFACTURE, AND COPYRIGHT NOTICE
Place of production, publication, distribution, manufacture New York, NY :
Name of producer, publisher, distributor, manufacturer Foundation Press,
Date of production, publication, distribution, manufacture, or copyright notice 2009.
300 ## - PHYSICAL DESCRIPTION
Extent vi, 378 pages ;
Dimensions 26 cm.
336 ## - CONTENT TYPE
Content type term text
Source rdacontent
337 ## - MEDIA TYPE
Media type term Computer
Source rdamedia
338 ## - CARRIER TYPE
Carrier type term Online Resource
Source rdacarrier
504 ## - BIBLIOGRAPHY, ETC. NOTE
Bibliography, etc. note Bibliography: pages 200-250.
505 0# - FORMATTED CONTENTS NOTE
Formatted contents note Part I. United States private international law codifications -- Part II. Conflicts law in the European Union -- Part III. Hague Conference on Private International Law conventions -- Part IV. Private international law codifications of selected European nations -- Part V. Private international law codifications of selected other nations.
650 #0 - SUBJECT ADDED ENTRY--TOPICAL TERM
Topical term or geographic name entry element Conflict of laws.
650 #0 - SUBJECT ADDED ENTRY--TOPICAL TERM
Topical term or geographic name entry element Comparative law.
700 1# - ADDED ENTRY--PERSONAL NAME
Personal name Weintraub, Russell J.
700 1# - ADDED ENTRY--PERSONAL NAME
Personal name Borchers, Patrick J.
856 40 - ELECTRONIC LOCATION AND ACCESS
Uniform Resource Identifier <a href="https://fll.law.cu.edu.eg/fulltext/bks/ENGB12-00071.pdf">https://fll.law.cu.edu.eg/fulltext/bks/ENGB12-00071.pdf</a>
905 ## - Cataloger and Reviser Names
Cataloger Name: Hend El khosy
942 ## - ADDED ENTRY ELEMENTS (KOHA)
Source of classification or shelving scheme Dewey Decimal Classification
Koha item type Books
Edition 21
Suppress in OPAC No
Holdings
Withdrawn status Lost status Source of classification or shelving scheme Damaged status Not for loan Collection Home library Current library Date acquired Total checkouts Full call number Barcode Date last seen Copy number Price effective from Koha item type Public note
    Dewey Decimal Classification     القانون الدولي الخاص جــــامعة القــاهرة مكتبة كلية الحقوق - فـرع الشيخ زايد 09.03.2026   Law2 12 341.84 HA . C 2009 1200071 C1 ENGB12-00071 09.03.2026 1 09.03.2026 Books 1786

© All rights reserved — Faculty of Law, Cairo University